000 00631nam a2200229Ia 4500
003 OSt
005 20220928101802.0
006 a|||||r|||| 00| 0
007 ta
008 220927b |||||||| |||| 00| 0 eng d
024 _a138752
037 _cTextual
040 _aSDCL
_cSDCL
_beng
041 _2eng
_aeng
082 _aQ6:4198.463'N7, L9
100 _aGuellouz Ezzedine
_9395110
245 0 _aMecca
_bThe muslim pilgrimage.
260 _aNew York
_b Paddington Press
_c1979
300 _a126p.
_ccm.
942 _hQ6:4198.463'N7, L9
_cTEXL
_2CC
999 _c710744
_d710744